|
|
|
|
| LEADER |
01695nam a2200409 a 4500 |
| 001 |
EBC893107 |
| 003 |
MiAaPQ |
| 005 |
20200520144314.0 |
| 006 |
m o d | |
| 007 |
cr cn||||||||| |
| 008 |
120626s2012 gw sb 001 0 ger d |
| 010 |
|
|
|z 2012024237
|
| 020 |
|
|
|z 9783110294439 (hardcover : alk. paper)
|
| 020 |
|
|
|z 9783110294750 (e-book)
|
| 035 |
|
|
|a (MiAaPQ)EBC893107
|
| 035 |
|
|
|a (Au-PeEL)EBL893107
|
| 035 |
|
|
|a (CaPaEBR)ebr10606435
|
| 035 |
|
|
|a (CaONFJC)MIL394135
|
| 035 |
|
|
|a (OCoLC)820825489
|
| 040 |
|
|
|a MiAaPQ
|c MiAaPQ
|d MiAaPQ
|
| 050 |
|
4 |
|a BV598
|b .C96 2012
|
| 082 |
0 |
4 |
|a 246/.9509
|2 23
|
| 100 |
1 |
|
|a Czock, Miriam.
|
| 245 |
1 |
0 |
|a Gottes Haus
|h [electronic resource] :
|b Untersuchungen zur Kirche als heiligem Raum von der Spatantike bis ins Fruhmittelalter /
|c von Miriam Czock.
|
| 260 |
|
|
|a Berlin ;
|a Boston :
|b De Gruyter,
|c c2012.
|
| 300 |
|
|
|a ix, 338 p.
|
| 490 |
1 |
|
|a Millennium-Studien zu Kultur und Geschichte des ersten Jahrtausends n. Chr. = Millennium studies in the culture and history of the first millennium C.E.,
|x 1862-1139 ;
|v Bd. 38
|
| 500 |
|
|
|a Revision of the author's thesis--Bochum, 2009.
|
| 504 |
|
|
|a Includes bibliographical references and index.
|
| 533 |
|
|
|a Electronic reproduction. Ann Arbor, MI : ProQuest, 2015. Available via World Wide Web. Access may be limited to ProQuest affiliated libraries.
|
| 650 |
|
0 |
|a Church
|x History of doctrines.
|
| 650 |
|
0 |
|a Sacred space.
|
| 650 |
|
0 |
|a Architecture and religion.
|
| 655 |
|
4 |
|a Electronic books.
|
| 710 |
2 |
|
|a ProQuest (Firm)
|
| 830 |
|
0 |
|a Millennium-Studien ;
|v Bd. 38.
|
| 856 |
4 |
0 |
|u https://ebookcentral.proquest.com/lib/matrademy/detail.action?docID=893107
|z Click to View
|